000 00657nam a2200229 a 4500
008
020 _a0697137465 (hbk.)
049 _aMAIN
090 _aQH307.2
_bCON
245 0 0 _aConcepts in biology /
_cEldon D. Enger ... [et al.].
250 _a6th ed.
260 _aDubuque, IA :
_bWm. C. Brown Publishers,
_c1991.
300 _axiii, 535 p. :
_bill. (some col.), col. maps ;
_c28 cm.
500 _aIncludes index.
650 0 _aBiology.
700 1 _aEnger, Eldon D.
907 _a.b10058436
_b04-12-12
_c17-04-03
003
005 20230123133538.0
040 _cNUST
942 _cBOOKS
_kQH307.2
_mCON
999 _c150460
_d150460